|
|
|
|
| LEADER |
00000cam a2200000 7i4500 |
| 001 |
0000001489 |
| 005 |
20010705.0 |
| 020 |
0 |
0 |
|a 9839747398
|
| 090 |
0 |
0 |
|a 579.135
|b NIJ 1999
|
| 100 |
1 |
0 |
|a NIJAR
|h Gurdial Singh
|
| 245 |
1 |
0 |
|a Model national biosafety law :
|b a law to provide for the regulation of the import, deliberate release into the environment, placing on the market, and the contained use of genetically modified organisms and products thereof
|c Gurdial Singh Nijar
|
| 260 |
0 |
0 |
|a Pulau Pinang :
|b Third World Network ,
|c 1999
|
| 300 |
|
|
|a 60 p. ;
|c 24 cm.
|
| 650 |
0 |
0 |
|a Genetic engineering
|x Law and legislation
|
| 998 |
|
|
|a JPSM
|
| 999 |
|
|
|a 0000002434
|b Monograph
|c Open Shelf
|e Default branch
|